000 01037nam a2200313 i 4500
003 EG-GICUC
005 20260507142900.0
008 260507s1937 fr ||||f |||| 00| 0 fre d
040 _aEG-GiCUC
_bfre
_cEG-GiCUC
_dEG-GiCUC
_eRda
041 _afre
082 0 4 _221
_a345.693
_bDE.E
092 0 4 _221
099 _aLaw1 07 345.693 DE.E 1937
100 1 _aDesgranges , Eugene
_eAuteur
245 _aEssai Sur La Notion De Voie De Fait En Droit Administratif Français /
_c Eugene Desgranges .
264 _aParis :
_bLibraairie du Recueil Sirey ,
_c1937 .
300 _a323 page ;
_c 24 cm.
336 _2rda contenu
_a texte
337 _2rda medias
_aOrdinateur
338 _2 transporteur rda
_a Ressource en ligne
546 _aTexte en français
650 1 _aDroit administratif
650 1 _aContrôle judiciaire des actions administratives
651 1 _2qrmak
700 1 _aM. Marcel WALINE
_ePréfacier
856 4 0 _uhttps://fll.law.cu.edu.eg/fulltext/bks/B07-05441.pdf
905 _a60
942 _2ddc
_cBK
_e21
_n0
999 _c76179
_d76179